000 00451nam a2200193Ia 4500
005 20240823022919.0
008 240823s9999||||xx |||||||||||||| ||und||
020 _a978-0-07-065898-1
041 _aENGLISH
082 _A910.285 P8
100 _a"Chang,Kang Tsung"
245 0 _aGeographic Information System
250 _a4th
260 _c2008
_bTMH New D
500 _aYES
650 _aGeography
_bGeneral
942 _cBK
999 _c180298
_d180298